La ganancia y las crisis : (Registro nro. 5732)

Detalles MARC
000 -LEADER
fixed length control field 01258nam a2200289Ia 4500
003 - CONTROL NUMBER IDENTIFIER
control field OSt
005 - DATE AND TIME OF LATEST TRANSACTION
control field 20200609185226.0
008 - FIXED-LENGTH DATA ELEMENTS--GENERAL INFORMATION
fixed length control field 191128s1978 mx a gr 000 0dspa d
020 ## - INTERNATIONAL STANDARD BOOK NUMBER
International Standard Book Number 968230308
040 ## - CATALOGING SOURCE
Original cataloging agency CO-JMCR
Transcribing agency CO-JMCR
041 1# - LANGUAGE CODE
Language code of text/sound track or separate title spa
Language code of original fr
082 04 - DEWEY DECIMAL CLASSIFICATION NUMBER
Classification number 330.122 /
Item number E551g
Edition number 23
100 1# - MAIN ENTRY--PERSONAL NAME
Personal name Emmanuel, Arghiri,
Relator term autor
9 (RLIN) 5309
245 13 - TITLE STATEMENT
Title La ganancia y las crisis :
Remainder of title un nuevo enfoque de las contradicciones del capitalismo /
Statement of responsibility, etc. Arghiri Emmanuel ; traducción de Oscar Terán
250 ## - EDITION STATEMENT
Edition statement Primera edición
260 ## - PUBLICATION, DISTRIBUTION, ETC.
Place of publication, distribution, etc. México :
Name of publisher, distributor, etc. Siglo veintiuno,
Date of publication, distribution, etc. 1978.
300 ## - PHYSICAL DESCRIPTION
Extent 435 páginas :
Other physical details tablas ;
Dimensions 20 cm.
490 0# - SERIES STATEMENT
Series statement Economía y demografía
504 ## - BIBLIOGRAPHY, ETC. NOTE
Bibliography, etc. note Bibliografía: páginas 429-435.
505 ## - FORMATTED CONTENTS NOTE
Formatted contents note La ley de las salidas y el fenómeno de la sobreproducción general – La desigualdad entre el valor de oferta de la producción y el poder de compra – Los efectos específicos del desequilibrio general, sus variaciones y sus formas
534 ## - ORIGINAL VERSION NOTE
Introductory phrase Le profit et les crises, une approche nouvelle des contradictions du capitalisme
546 ## - LANGUAGE NOTE
Language note Traducido del francés
650 14 - SUBJECT ADDED ENTRY--TOPICAL TERM
Topical term or geographic name entry element Capitalismo Oferta
9 (RLIN) 5310
650 24 - SUBJECT ADDED ENTRY--TOPICAL TERM
Topical term or geographic name entry element Compra
General subdivision Desigualdad Producción
9 (RLIN) 5311
700 1# - ADDED ENTRY--PERSONAL NAME
Personal name Terán, Oscar,
Relator term traducción
9 (RLIN) 5312
942 ## - ADDED ENTRY ELEMENTS (KOHA)
Source of classification or shelving scheme Dewey Decimal Classification
Koha item type Books
Existencias
Withdrawn status Lost status Source of classification or shelving scheme Materials specified (bound volume or other part) Damaged status Not for loan Home library Current library Shelving location Date acquired Source of acquisition Cost, normal purchase price Total Checkouts Full call number Barcode Date last seen Copy number Price effective from Koha item type
    Dewey Decimal Classification Donacón--15/04/2018--     Biblioteca Pública José María del Castillo y Rada Biblioteca Pública José María del Castillo y Rada General Stacks 11/28/2019 Donación 0.00   330.122 / E551g 430004070 05/16/2024 Ej.1 11/28/2019 Books